书目信息 |
| 书名: | How To GET WHAT You WANT IN LIFE WITH THE MONEY You ALREADY HAVE | |
| 作者: | Carol Keeffe | |
| 分册号: | ||
| 分册名: | 出版地: | Canada |
|
| 出版社: | Little, Brown and Company | |
| 出版时间: | 1995 | |
| 页数: | 235p | |
| 开本: | 22cm | |
| 丛书名: | ||
| 中图分类号: | ||
| 科图分类号: | ||
| 其他分类号: | F837.12 | |
| 主题词: | ||
| 电子资源: | ||
| 000 | 00619nam0 2200205 450 | |
| 001 | 052012180039 | |
| 005 | 20121114093356.0 | |
| 008 | 20021229d1997 em y0chiy0121 ea | |
| 020 | @a978-0-316-48518-0@c$12.95 | |
| 041 | @aeng | |
| 091 | @aF837.12 | |
| 099 | @dF837.12@eC2925 | |
| 100 | @aCarol Keeffe | |
| 245 | 10 | @aHow To GET WHAT You WANT IN LIFE WITH THE MONEY You ALREADY HAVE@cCarol Keeffe |
| 260 | @aCanada@bLittle, Brown and Company@c1995 | |
| 300 | @a235p@c22cm | |
| 521 | @aHow To GET WHAT You WANT IN LIFE WITH THE MONEY You ALREADY HAVE | |
| 905 | @b0010010 | |
| 905 | @b11308 | |
| 905 | @aTSG@dF837.12@eC2925 | |
| How To GET WHAT You WANT IN LIFE WITH THE MONEY You ALREADY HAVE / Carol Keeffe.-Canada : Little, Brown and Company , 1995 |
| 235p ; 22cm |
| How To GET WHAT You WANT IN LIFE WITH THE MONEY You ALREADY HAVE |
| ISBN 978-0-316-48518-0$12.95 |
| ● |
| 相关链接 |
|
|
|
正题名:How To GET WHAT You WANT IN LIFE WITH TH
索取号:F837.12/C2925
 
预约/预借
| 序号 | 登录号 | 条形码 | 馆藏地/架位号 | 状态 | 备注 |
| 1 | 11308 | 300113080 | 社科库409/409社科库 116排2列3层/ [索取号:F837.12/C2925] | 在馆 |